DARI AKU YANG HAMPIR MENYERAH / (Record no. 203963)

MARC details
000 -LEADER
fixed length control field 01317nam a2200361 i 4500
005 - DATE AND TIME OF LATEST TRANSACTION
control field 20260421155839.0
008 - FIXED-LENGTH DATA ELEMENTS--GENERAL INFORMATION
fixed length control field 260421t20252022my a gr 000 pbmay d
020 ## - INTERNATIONAL STANDARD BOOK NUMBER
International Standard Book Number 9789673699407
Terms of availability RM25.00
Qualifying information paperback
040 ## - CATALOGING SOURCE
Original cataloging agency PPAK
Language of cataloging eng
Transcribing agency PPAK
Description conventions rda
041 1# - LANGUAGE CODE
Language code of text/sound track or separate title may
Language code of original ind
082 04 - DEWEY DECIMAL CLASSIFICATION NUMBER
Edition number 23
Classification number 899.2211
090 00 - LOCALLY ASSIGNED LC-TYPE CALL NUMBER (OCLC); LOCAL CALL NUMBER (RLIN)
Classification number (OCLC) (R) ; Classification number, CALL (RLIN) (NR) 899.2211
Feature heading KHO
Feature heading G
100 0# - MAIN ENTRY--PERSONAL NAME
Personal name Khoirul Trian,
Relator term author.
245 10 - TITLE STATEMENT
Title DARI AKU YANG HAMPIR MENYERAH /
Statement of responsibility, etc. KHOIRUL TRIAN ; Sidang Editorial Ikram Wazir, Puteri Balqis, Zalila Isa, Haryanti Yahaya, Fareed Akmal, Farizun, Zaidi.
250 ## - EDITION STATEMENT
Edition statement Edisi Bahasa Melayu
264 #1 - PRODUCTION, PUBLICATION, DISTRIBUTION, MANUFACTURE, AND COPYRIGHT NOTICE
Place of production, publication, distribution, manufacture Batu Caves, Selangor :
Name of producer, publisher, distributor, manufacturer PUTEH PRESS Imprint Open Bridge Publication Sdn. Bhd.,
Date of production, publication, distribution, manufacture, or copyright notice 2025
Date of production, publication, distribution, manufacture, or copyright notice ©2022
300 ## - PHYSICAL DESCRIPTION
Extent viii, 158 pages :
Other physical details illustrations ;
Dimensions 21 cm
336 ## - CONTENT TYPE
Content type term text
Source rdacontent
337 ## - MEDIA TYPE
Media type term unmediated
Source rdamedia
338 ## - CARRIER TYPE
Carrier type term volume
Source rdacarrier
546 ## - LANGUAGE NOTE
Language note Text in Malay, translated from Indonesian.
650 10 - SUBJECT ADDED ENTRY--TOPICAL TERM
Topical term or geographic name entry element Prose poems, Indonesian
Topical term or geographic name entry element Indonesian prose literature
700 0# - ADDED ENTRY--PERSONAL NAME
Personal name Ikram Wazir,
Relator term editor.
Personal name Puteri Balqis,
Relator term editor.
Personal name Zalila Isa,
Relator term editor.
Personal name Haryanti Yahaya,
Relator term editor.
Personal name Fareed Akmal,
Relator term editor.
Personal name Farizun,
Relator term editor.
Personal name Zaidi,
Relator term editor.
942 ## - ADDED ENTRY ELEMENTS (KOHA)
Source of classification or shelving scheme Dewey Decimal Classification
Koha item type Book
Holdings
Withdrawn Not for loan Current library Shelving location Date acquired Total Checkouts Full call number Barcode Date last seen Koha item type
    Perpustakaan Alor Setar Pinjaman Dewasa 30/04/2026   899.2211 KHO A01913337 30/04/2026 Book
    Perpustakaan Awam Sungai Petani Pinjaman Dewasa 30/04/2026   899.2211 KHO A01913338 30/04/2026 Book
    Perpustakaan Baling Pinjaman Dewasa 30/04/2026   899.2211 KHO A01913342 30/04/2026 Book
    Perpustakaan Bandar Baharu Pinjaman Dewasa 30/04/2026   899.2211 KHO A01913343 30/04/2026 Book
    Perpustakaan Jitra Pinjaman Dewasa 30/04/2026   899.2211 KHO A01913339 30/04/2026 Book
    Perpustakaan Kuala Nerang Pinjaman Dewasa 30/04/2026   899.2211 KHO A01913347 30/04/2026 Book
    Perpustakaan Kulim Pinjaman Dewasa 30/04/2026   899.2211 KHO A01913341 30/04/2026 Book
    Perpustakaan Langkawi Pinjaman Dewasa 30/04/2026   899.2211 KHO A01913340 30/04/2026 Book
    Perpustakaan Merbok Pinjaman Dewasa 30/04/2026   899.2211 KHO A01913344 30/04/2026 Book
    Perpustakaan Sik Pinjaman Dewasa 30/04/2026   899.2211 KHO A01913346 30/04/2026 Book
    Perpustakaan Yan Pinjaman Dewasa 30/04/2026   899.2211 KHO A01913345 30/04/2026 Book
    PD05, Kg. Lindungan Raja, Kulim Pinjaman Dewasa 30/04/2026   899.2211 KHO A01913348 30/04/2026 Book
    PD18, Kg. Wang Tepus, Jitra Pinjaman Dewasa 30/04/2026   899.2211 KHO A01913349 30/04/2026 Book
    PD30, Bandar Baru Beris Jaya, Sik Pinjaman Dewasa 30/04/2026   899.2211 KHO A01913350 30/04/2026 Book
    PD33, Kg. Belau, Merbok Pinjaman Dewasa 30/04/2026   899.2211 KHO A01913351 30/04/2026 Book
    PD34, Kg. Pantai Prai Pinjaman Dewasa 30/04/2026   899.2211 KHO A01913352 30/04/2026 Book